Quiz o Kamerunie - Statystyki

Ogólne statystyki
  • Ten quiz został rozwiązany 1 027 razy
  • Średni wynik to 8 z 12
Statystyki odpowiedzi
Wskazówka Odpowiedź % Poprawnych
Najludniejszy kraj graniczący z Kamerunem Nigeria
87%
Oficjalne języki francuski
86%
Bardzo oczywista odpowiedź... Jaka jest najwyższa góra w Kamerunie? Kamerun
86%
Oficjalne języki angielski
85%
Kraj, który skolonizował Kamerun w latach 1884–1916, nazywając go Kamerun Niemcy
75%
Zatoka granicząca z Kamerunem Zatoka {Gwinejska}
71%
Stolica Jaunde
69%
Kamerun zdobył złoty medal w tym sporcie drużynowym na Igrzyskach Olimpijskich w 2000 roku Piłka nożna
59%
Duże, ale płytkie jezioro, które na dalekiej północy Kamerunu dzieli z trzema innymi krajami Czad
53%
Podobnie jak pobliskie Wybrzeże Kości Słoniowej i Ghana, Kamerun znajduje się w pierwszej piątce producentów tego ziarna Kakao
52%
Najludniejsze miasto Duala
33%
Największy rodzaj żaby, występujący głównie w Kamerunie {Goliat} płochliwy
22%
Nie znaleziono quizów pasujących do podanych kryteriów
Rozkład punktacji
Procent ludzi z każdym wynikiem
Percentyl według liczby udzielonych odpowiedzi
Twoja historia wyników
Nie rozwiązałeś tego quizu